Online katalóg knižníc regiónu Turca

Domáci zdravotný poradca (Record no. 22361)

MARC details
000 -LEADER
fixed length control field 02455cam a2200649 4500
001 - CONTROL NUMBER
control field 22361
003 - CONTROL NUMBER IDENTIFIER
control field VRT
005 - DATE AND TIME OF LATEST TRANSACTION
control field 20260326153617.0
008 - FIXED-LENGTH DATA ELEMENTS--GENERAL INFORMATION
fixed length control field 210624s2018 xo oa grf 001 0 slo
015 ## - NATIONAL BIBLIOGRAPHY NUMBER
National bibliography number SNBA2019/02
020 ## - INTERNATIONAL STANDARD BOOK NUMBER
International Standard Book Number 9788080972523
Qualifying information (viazané)
035 ## - SYSTEM CONTROL NUMBER
System control number BF286B51-8C8D-472C-979D-AD563EC3153F
035 ## - SYSTEM CONTROL NUMBER
System control number urn:nbn:sk:snk-am3icwt
035 ## - SYSTEM CONTROL NUMBER
System control number urn:nbn:sk:snk-am00e3t7
039 #9 - LEVEL OF BIBLIOGRAPHIC CONTROL AND CODING DETAIL [OBSOLETE]
Level of rules in bibliographic description 202106241113
Level of effort used to assign nonsubject heading access points VLOAD
Level of effort used to assign subject headings 202101050919
Level of effort used to assign classification VLOAD
Level of effort used to assign subject headings 201902140807
Level of effort used to assign classification msnk159
Level of effort used to assign subject headings 201902041411
Level of effort used to assign classification msnk04
040 ## - CATALOGING SOURCE
Original cataloging agency SVKBB
Language of cataloging slo
Transcribing agency SVKBB
Modifying agency SNK
Description conventions rda
041 1# - LANGUAGE CODE
Language code of text/sound track or separate title slo
Language code of original ger
044 ## - COUNTRY OF PUBLISHING/PRODUCING ENTITY CODE
MARC country code xo
ISO country code SK
072 #7 - SUBJECT CATEGORY CODE
Subject category code 613
Subject category code subdivision Hygiena. Ľudské zdravie
Source konspekt
080 ## - UNIVERSAL DECIMAL CLASSIFICATION NUMBER
Universal Decimal Classification number 613
Edition identifier 2011
080 ## - UNIVERSAL DECIMAL CLASSIFICATION NUMBER
Universal Decimal Classification number 616.1/.9
Edition identifier 2011
080 ## - UNIVERSAL DECIMAL CLASSIFICATION NUMBER
Universal Decimal Classification number 616-07
Edition identifier 2011
080 ## - UNIVERSAL DECIMAL CLASSIFICATION NUMBER
Universal Decimal Classification number 616-08
Edition identifier 2011
080 ## - UNIVERSAL DECIMAL CLASSIFICATION NUMBER
Universal Decimal Classification number (035)
Edition identifier 2011
100 1# - MAIN ENTRY--PERSONAL NAME
Personal name Rößinger, Monika
Relationship aut
240 10 - UNIFORM TITLE
Uniform title Wegweiser für die Gesundheit
Language of a work Slovensky
245 10 - TITLE STATEMENT
Title Domáci zdravotný poradca
Remainder of title od príznakov po liečbu: čo by ste mali vedieť a čo môžete urobiť sami
Statement of responsibility, etc. autorka textu: Monika Rösinger ; z nemeckého originálu Wegweiser für die Gesundheit preložila Alexandra Stelter
246 1# - VARYING FORM OF TITLE
Display text Obálkový podnázov:
Title proper/short title Vyše 130 ochorení - od príznakov po liečbu
250 ## - EDITION STATEMENT
Edition statement Prvé vydanie
264 #1 - PRODUCTION, PUBLICATION, DISTRIBUTION, MANUFACTURE, AND COPYRIGHT NOTICE
Place of production, publication, distribution, manufacture Bratislava
Name of producer, publisher, distributor, manufacturer Tarsago Slovensko
Date of production, publication, distribution, manufacture, or copyright notice 2018
300 ## - PHYSICAL DESCRIPTION
Extent 320 strán
Other physical details fotografie, ilustrácie
Dimensions 29 cm
336 ## - CONTENT TYPE
Content type term text
Content type code txt
Source rdacontent
337 ## - MEDIA TYPE
Media type term bez média
Media type code n
Source rdamedia
338 ## - CARRIER TYPE
Carrier type term zväzok
Carrier type code nc
Source rdacarrier
490 1# - SERIES STATEMENT
Series statement Reader's Digest
504 ## - BIBLIOGRAPHY, ETC. NOTE
Bibliography, etc. note Obsahuje register na strane 312-319
610 27 - SUBJECT ADDED ENTRY--CORPORATE NAME
Corporate name or jurisdiction name as entry element Reader's Digest Výber
Source of heading or term SNKKA
650 07 - SUBJECT ADDED ENTRY--TOPICAL TERM
Topical term or geographic name entry element starostlivosť o zdravie
Source of heading or term SNKPH
650 07 - SUBJECT ADDED ENTRY--TOPICAL TERM
Topical term or geographic name entry element Health care
Source of heading or term SNKPHeng
650 07 - SUBJECT ADDED ENTRY--TOPICAL TERM
Topical term or geographic name entry element choroby
Source of heading or term SNKPH
650 07 - SUBJECT ADDED ENTRY--TOPICAL TERM
Topical term or geographic name entry element Diseases
Source of heading or term SNKPHeng
650 07 - SUBJECT ADDED ENTRY--TOPICAL TERM
Topical term or geographic name entry element diagnostika (medicína)
Source of heading or term SNKPH
650 07 - SUBJECT ADDED ENTRY--TOPICAL TERM
Topical term or geographic name entry element Medical diagnostics
Source of heading or term SNKPHeng
650 07 - SUBJECT ADDED ENTRY--TOPICAL TERM
Topical term or geographic name entry element terapia
Source of heading or term SNKPH
650 07 - SUBJECT ADDED ENTRY--TOPICAL TERM
Topical term or geographic name entry element Therapy
Source of heading or term SNKPHeng
655 #7 - INDEX TERM--GENRE/FORM
Genre/form data or focus term príručky
Source of term SNKPH
655 #7 - INDEX TERM--GENRE/FORM
Genre/form data or focus term Handbooks, manuals, etc.
Source of term SNKPHeng
700 1# - ADDED ENTRY--PERSONAL NAME
Personal name Stelter, Alexandra
Relationship trl
830 #0 - SERIES ADDED ENTRY--UNIFORM TITLE
Uniform title Reader's Digest
942 ## - ADDED ENTRY ELEMENTS (KOHA)
Source of classification or shelving scheme Dewey Decimal Classification
Koha item type Odborná literatúra pre dospelých
Suppress in OPAC No
949 ## - LOCAL PROCESSING INFORMATION (OCLC)
6 273K0641802
a svkpoC 59691
b svkpo633814
949 ## - LOCAL PROCESSING INFORMATION (OCLC)
6 270001000600089
a svkbbC 63500
b svkbbm 781111
949 ## - LOCAL PROCESSING INFORMATION (OCLC)
6 2889344324
a savukPV 27495
b savuk2019/164
949 ## - LOCAL PROCESSING INFORMATION (OCLC)
6 17A1354015
a snkSB 93728
b snk2019/3192
o 2778/18
s 6100:20190218
949 ## - LOCAL PROCESSING INFORMATION (OCLC)
6 17A1354016
a snkSB 93728 D1
b snk2019/3194
o 2778/18
Holdings
Stav vyradenia Strata Poškodenie Spôsob nadobudnutia Domovská knižnica Aktuálna knižnica Dátum nadobudnutia Total checkouts Čiarový kód exemplára Date last seen Typ exemplára
      Dar Obecná knižnica Horná Štubňa Obecná knižnica Horná Štubňa 26.03.2026   9788080972523 26.03.2026 Odborná literatúra pre dospelých
Projekt je podporený Slovenskou asociáciou knižníc
Prevádzkuje Turčianska knižnica Martin 2026